Click the AC/DC Song Title Ending - Statistics

General Stats
  • This quiz has been taken 50 times
  • The average score is 16 of 20
Answer Stats
Hint Answer % Correct
Hells Bells
93%
You Shook Me All Night Long
93%
Big Balls
90%
Back In Black
90%
Dirty Deeds Done Dirt Cheap
90%
Highway To Hell
90%
Have a Drink on Me
88%
What Do You Do for Money Honey
85%
Shoot to Thrill
85%
High Voltage
85%
Touch Too Much
83%
Are You Ready
83%
Rock and Roll Ain't Noise Pollution
80%
Who Made Who
80%
Fire Your Guns
78%
Girls Got Rhythm
78%
Rock or Bust
73%
Shot Down in Flames
73%
Rock N Roll Train
66%
Whole Lotta Rosie
63%
No matching quizzes found
Score Distribution
Percent of People with Each Score
Percentile by Number Answered
Your Score History
You have not taken this quiz